| 000 | 00839nam a2200301Ia 4500 | ||
|---|---|---|---|
| 005 | 20250425161956.0 | ||
| 008 | 250425s9999 xx 000 0 und d | ||
| 020 | _a9701703871 | ||
| 041 | _aspa | ||
| 043 | _amx | ||
| 082 | _a657.48 | ||
| 100 | _aHORNGREN, CHARLES T. | ||
| 245 | 0 | _aINTRODUCCION A LA CONTABILIDAD ADMINISTRATIVA | |
| 250 | _a11A ED. | ||
| 260 | _aMEXICO | ||
| 260 |
_aMéxico _bPEARSON EDUCACION, MEXICO _c2001 |
||
| 300 | _a609 | ||
| 500 | _aTítulo Traducido: MANAGEMENT ACCOUNTING | ||
| 650 | _aCONTABILIDAD DE COSTOS | ||
| 650 | _aCONTABILIDAD DE COSTOS | ||
| 650 | _aCONTABILIDAD-AUTOMATIZACION | ||
| 650 | _aCONTABILIDAD-AUTOMATIZACION | ||
| 650 | _aESTADOS FINANCIEROS | ||
| 650 | _aESTADOS FINANCIEROS | ||
| 700 |
_aFRANCISCO REYES GUERRERO _etraductor |
||
| 942 | _c01 | ||
| 010 | _a38259 | ||
| 999 |
_c219953 _d219953 |
||